Linh kiện quang điện tử

Sách trình bày hầu hết các loại linh kiện quang điện tử quan trọng với phần vật lý cơ bản, mạch điện ứng dụng và sơ đồ chân, cùng đặc trưng kỹ thuật của một số linh kiện thương mãi tiêu biểu. Trong phần phụ lục, sách giới thiệu bảng g...

ver descrição completa

Na minha lista:
Detalhes bibliográficos
Autor principal: Dương Minh Trí
Formato: Livro
Idioma:Undetermined
Publicado em: Hà Nội KHKT 1998
Assuntos:
Tags: Adicionar Tag
Sem tags, seja o primeiro a adicionar uma tag!
Thư viện lưu trữ: Trung tâm Học liệu Trường Đại học Cần Thơ
LEADER 01034nam a2200205Ia 4500
001 CTU_36774
008 210402s9999 xx 000 0 und d
020 |b 26.000đ 
082 |a 621.381045 
082 |b Tr300 
100 |a Dương Minh Trí 
245 0 |a Linh kiện quang điện tử 
245 0 |c Dương Minh Trí 
260 |a Hà Nội 
260 |b KHKT 
260 |c 1998 
520 |a Sách trình bày hầu hết các loại linh kiện quang điện tử quan trọng với phần vật lý cơ bản, mạch điện ứng dụng và sơ đồ chân, cùng đặc trưng kỹ thuật của một số linh kiện thương mãi tiêu biểu. Trong phần phụ lục, sách giới thiệu bảng giá tiền linh kiện quang điện tử trên thị trường thế giới. 
650 |a electronic apparatus and appliances,optoelectronics 
904 |i Minh, 000605 
980 |a Trung tâm Học liệu Trường Đại học Cần Thơ